| 000 | 00568nam a2200181 a 4500 | ||
|---|---|---|---|
| 001 | 000036487 | ||
| 005 | 20200930075747.0 | ||
| 008 | 120118s1985 sp 000 0 spa d | ||
| 020 | _a8430908293 | ||
| 040 |
_aDO-SdBNP _bspa _cBNPHU |
||
| 082 |
_axxxx _bS211 |
||
| 100 | 1 |
_aSánchez Guzman, José Ramón _962718 |
|
| 245 | 1 | 0 |
_aIntroducción a la teoría de la publicidad. / _cJosé Ramón Sánchez Guzman. |
| 260 |
_aMadrid : _bTecnos, _c1985. |
||
| 300 |
_a501 p. ; _c22 cm. |
||
| 490 | 1 | _aCiencias de la comunicación | |
| 830 | 0 |
_aCiencias de la comunicación _962719 |
|
| 999 |
_c35978 _d35978 |
||